• 首页
  • 本馆介绍
  • 公告通知
  • 最新文献
  • 馆藏检索
  • 电子资源
  • 读者荐购
  • 参考咨询
  • CALIS
  • 我的图书馆
  • 登录
  • 详细信息显示
  • 放入我的书架
  • 预约/预借图书
  • 作者相关作品
  • 分类相关作品
  • 丛书相关作品
  • 出版社相关作品

书目信息

  • 表格格式
  • 工作单格式
  • 卡片格式
题名:
紫藤室论文选
    
 
作者: 罗仲鼎 著
分册:  
出版信息: 杭州   浙江古籍出版社  2024.12
页数: 464页
开本: 21cm
丛书名:
单 册:
中图分类: I206.2
科图分类:
主题词: 中国文学--古典文学研究
电子资源:
ISBN: 978-7-5540-3247-3
 
 
 
 
 
000 00888nam0 2200241 450
001 013545311
005 20251022104917.47
010    @a978-7-5540-3247-3@dCNY168.00
100    @a20250408d2024 em y0chiy0120 ea
101 0  @achi
102    @aCN@b330000
105    @ay z 000yy
106    @ar
200 1  @a紫藤室论文选@9zi teng shi lun wen xuan@f罗仲鼎著
210    @a杭州@c浙江古籍出版社@d2024.12
215    @a464页@d21cm
300    @a本书出版得到浙江传媒学院资金支持
330    @a本书分为学术论文、序跋、附录三部分。具体内容包括:中国古典诗论的基本特征;老庄哲学与司空图的《二十四诗品》;从《沧浪诗话》到《艺苑卮言》——严羽与王世贞诗论之比较;感情·兴趣·韵味——《沧浪诗话》研究之一等。
606 0  @a中国文学@x古典文学研究
690    @aI206.2@v5
701  0 @a罗仲鼎@9luo zhong ding@f(1935-)@4著
801  0 @aCN@c20250909
905    @a河南城建学院图书馆@dI206.2@eL970@ZL970@f1
    
    紫藤室论文选/罗仲鼎著.-杭州:浙江古籍出版社,2024.12
    464页;21cm
    本书出版得到浙江传媒学院资金支持
    
    ISBN 978-7-5540-3247-3:CNY168.00
    本书分为学术论文、序跋、附录三部分。具体内容包括:中国古典诗论的基本特征;老庄哲学与司空图的《二十四诗品》;从《沧浪诗话》到《艺苑卮言》——严羽与王世贞诗论之比较;感情·兴趣·韵味——《沧浪诗话》研究之一等。
●
相关链接 在E读中查询图书 在当当中查询图书 在豆瓣中查询图书


正题名:紫藤室论文选     索取号:I206.2/L970         预约/预借

序号 登录号 条形码 馆藏地/架位号 状态 备注
1 1632307   216323075   文学库108/108文学库 5排3列2层/ [索取号:I206.2/L970] 在馆    
河南城建学院图书馆 欢迎您!
大连网信软件有限公司© 版权所有